000 01542nam a2200157Ia 4500
005 20250117104110.0
008 250117s9999 xx 000 0 und d
020 _a9780798302883
082 _a341.330REG
245 0 _aRegional integration in Africa
_bbridging the North - Sub-Saharan divide
260 _apretoria
_bAfrica Inst South Africa
_c2011
300 _axiv, 102, 97 p. ; 25 cm.
500 _aIncludes bibliographical references.
520 _aRegional Integration in Africa Bridging the North-Sub-Saharan Divide came about as a research project conducted by the Africa Institute of South Africa and examines the North African countries' strategies of involvement in the African continent, and their integration initiatives. The book looks at major issues involving Egypt, Libya, Tunisia, Algeria, Morocco and Mauritania. These countries, in most cases, have been treated as separate from sub-Saharan Africa. However, the historical reality and economic and political interests indicate that the North African countries have been and still are closely connected with the rest of the African continent. Egypt, for example, was one of the leading countries in the African unity movement, and, together with Libya, has contributed to the restructuring of the African continental organisation and the establishment of the African Union. The book consists of two parts. The first part includes five chapters written in English, the second part of the book comprises six chapters written in Arabic.
650 _aRegional economics -Africa.
999 _c11128
_d11128